<?xml version="1.0" encoding="UTF-8"?>
<collection xmlns="http://www.loc.gov/MARC21/slim">
 <record>
  <leader>02930nam a22002897a 4500</leader>
  <controlfield tag="001">NCT_35671</controlfield>
  <controlfield tag="008">180521b        xxu||||| |||| 00| 0 vie d</controlfield>
  <datafield tag="999" ind1=" " ind2=" ">
   <subfield code="c">1720</subfield>
   <subfield code="d">1720</subfield>
  </datafield>
  <datafield tag="020" ind1=" " ind2=" ">
   <subfield code="a">9786045736234</subfield>
   <subfield code="c">69000</subfield>
  </datafield>
  <datafield tag="082" ind1="0" ind2="4">
   <subfield code="2">23rd ed.</subfield>
   <subfield code="a">378</subfield>
   <subfield code="b">H401</subfield>
  </datafield>
  <datafield tag="100" ind1="1" ind2=" ">
   <subfield code="a">Trần Thị Vân Hoa</subfield>
   <subfield code="e">Chủ biên</subfield>
  </datafield>
  <datafield tag="245" ind1="1" ind2="0">
   <subfield code="a">Cách mạng công nghiệp 4.0 vấn đề đặt ra cho phát triển kinh tế - xã hội và hội nhập quốc tế của Việt Nam :</subfield>
   <subfield code="b">Sách chuyên khảo</subfield>
   <subfield code="c">Trần Thị Vân Hoa</subfield>
  </datafield>
  <datafield tag="260" ind1=" " ind2=" ">
   <subfield code="a">H.</subfield>
   <subfield code="b">Chính Trị Quốc Gia Sự Thật </subfield>
   <subfield code="c">2017</subfield>
  </datafield>
  <datafield tag="300" ind1=" " ind2=" ">
   <subfield code="a">360 tr.</subfield>
   <subfield code="b">Minh họa</subfield>
   <subfield code="c">21cm</subfield>
  </datafield>
  <datafield tag="520" ind1="3" ind2=" ">
   <subfield code="a">Cuốn sách trình bày những vấn đề cơ bản nhất về lịch sử ra đời của các cuộc cách mạng công nghiệp, đặc biệt là cách mạng công nghiệp 4.0; các xu hướng công nghệ của cách mạng công nghiệp 4.0; những tác động và chính sách ứng phó với cách mạng công nghiệp 4.0; những cơ hội, thách thức và yêu cầu đặt ra của cách mạng công nghiệp 4.0 đối với phát triển kinh tế - xã hội của Việt Nam, phân tích mức độ sẵn sàng của Việt Nam trong việc đáp ứng các yêu cầu của cách mạng công nghiệp 4.0 và nêu rõ những điểm phù hợp, chưa phù hợp, nguyên nhân. Từ những phân tích thực trạng tác động của cách mạng công nghiệp 4.0 đưa ra phương hướng, giải pháp xây dựng và phát triển năng lực đổi mới sáng tạo phù hợp để tận dụng cơ hội, vượt qua thách thức của cách mạng công nghiệp 4.0 ở Việt Nam trong thời gian tới.</subfield>
  </datafield>
  <datafield tag="653" ind1=" " ind2=" ">
   <subfield code="a">Kinh tế chính trị</subfield>
  </datafield>
  <datafield tag="700" ind1="1" ind2=" ">
   <subfield code="a">Nguyễn Trọng Hoài</subfield>
  </datafield>
  <datafield tag="700" ind1="1" ind2=" ">
   <subfield code="a">Đỗ Thị Đông</subfield>
  </datafield>
  <datafield tag="700" ind1="1" ind2=" ">
   <subfield code="a">Trương Minh Đức</subfield>
  </datafield>
  <datafield tag="700" ind1="1" ind2=" ">
   <subfield code="a">Nguyễn Mạnh Hà</subfield>
  </datafield>
  <datafield tag="942" ind1=" " ind2=" ">
   <subfield code="2">ddc</subfield>
   <subfield code="c">BK</subfield>
  </datafield>
  <datafield tag="952" ind1=" " ind2=" ">
   <subfield code="0">0</subfield>
   <subfield code="1">0</subfield>
   <subfield code="2">ddc</subfield>
   <subfield code="4">0</subfield>
   <subfield code="6">338_000000000000000_H401</subfield>
   <subfield code="7">0</subfield>
   <subfield code="9">8245</subfield>
   <subfield code="a">000001</subfield>
   <subfield code="b">000001</subfield>
   <subfield code="d">2018-05-21</subfield>
   <subfield code="o">338 H401</subfield>
   <subfield code="p">MD.12179</subfield>
   <subfield code="r">2018-05-21</subfield>
   <subfield code="v">69000.00</subfield>
   <subfield code="w">2018-05-21</subfield>
   <subfield code="y">BK</subfield>
  </datafield>
  <datafield tag="952" ind1=" " ind2=" ">
   <subfield code="0">0</subfield>
   <subfield code="1">0</subfield>
   <subfield code="2">ddc</subfield>
   <subfield code="4">0</subfield>
   <subfield code="6">338_000000000000000_H401</subfield>
   <subfield code="7">0</subfield>
   <subfield code="9">8246</subfield>
   <subfield code="a">000001</subfield>
   <subfield code="b">000001</subfield>
   <subfield code="d">2018-05-21</subfield>
   <subfield code="o">338 H401</subfield>
   <subfield code="p">MD.11220</subfield>
   <subfield code="r">2018-05-21</subfield>
   <subfield code="v">69000.00</subfield>
   <subfield code="w">2018-05-21</subfield>
   <subfield code="y">BK</subfield>
  </datafield>
  <datafield tag="952" ind1=" " ind2=" ">
   <subfield code="0">0</subfield>
   <subfield code="1">0</subfield>
   <subfield code="2">ddc</subfield>
   <subfield code="4">0</subfield>
   <subfield code="6">338_000000000000000_H401</subfield>
   <subfield code="7">0</subfield>
   <subfield code="9">8947</subfield>
   <subfield code="a">000001</subfield>
   <subfield code="b">000001</subfield>
   <subfield code="d">2018-05-28</subfield>
   <subfield code="o">338 H401</subfield>
   <subfield code="p">MD.11219</subfield>
   <subfield code="r">2018-05-28</subfield>
   <subfield code="v">69000.00</subfield>
   <subfield code="w">2018-05-28</subfield>
   <subfield code="y">BK</subfield>
  </datafield>
  <datafield tag="952" ind1=" " ind2=" ">
   <subfield code="0">0</subfield>
   <subfield code="1">0</subfield>
   <subfield code="2">ddc</subfield>
   <subfield code="4">0</subfield>
   <subfield code="6">338_000000000000000_H401</subfield>
   <subfield code="7">0</subfield>
   <subfield code="9">8948</subfield>
   <subfield code="a">000001</subfield>
   <subfield code="b">000001</subfield>
   <subfield code="d">2018-05-28</subfield>
   <subfield code="o">338 H401</subfield>
   <subfield code="p">MD.11221</subfield>
   <subfield code="r">2018-05-28</subfield>
   <subfield code="v">69000.00</subfield>
   <subfield code="w">2018-05-28</subfield>
   <subfield code="y">BK</subfield>
  </datafield>
  <datafield tag="952" ind1=" " ind2=" ">
   <subfield code="0">0</subfield>
   <subfield code="1">0</subfield>
   <subfield code="2">ddc</subfield>
   <subfield code="4">0</subfield>
   <subfield code="6">338_000000000000000_H401</subfield>
   <subfield code="7">0</subfield>
   <subfield code="9">8949</subfield>
   <subfield code="a">000001</subfield>
   <subfield code="b">000001</subfield>
   <subfield code="d">2018-05-28</subfield>
   <subfield code="o">338 H401</subfield>
   <subfield code="p">MD.12180</subfield>
   <subfield code="r">2018-05-28</subfield>
   <subfield code="v">69000.00</subfield>
   <subfield code="w">2018-05-28</subfield>
   <subfield code="y">BK</subfield>
  </datafield>
  <datafield tag="980" ind1=" " ind2=" ">
   <subfield code="a">Thư viện Trường Đại học Nam Cần Thơ</subfield>
  </datafield>
 </record>
</collection>
